00750nam a2200205 a 450000100060000000300090000600800410001502000150005604000280007108200180009910000320011724500380014926000470018730000110023459000840024565000330032994200120036299900170037495201530039112175CO-ViMGA141112s2004 ck r 000 u spa d a8428321191 aCO-ViMGAbspacCO-ViMGA04aR332.103 I57d1 aInstituto de Banca, 91723910aDiccionario de Terminos Bancarios aMadrid, cEditorial Paraninfo S.A., c1994 a171 p. aPrecio : 82.000 - - Proveedor : FIS - - Fecha de adquisición : Sept. 23, 200014aBANCOS - DICCIONARIOS917240 2ddccBK c23189d23189 00102ddc40708002aMEVIECARbMEVIECARd2015-12-04hVolumen. 1 | 11/jun/2009l0oR332.103 I57d p12175r2015-12-04 00:00:00tEj. 1w2015-12-04yBK